000 01871cam a22003254a 4500
999 _c1868
_d1868
001 1868
003 BD-JhCC
005 20171025172723.0
008 060213s2006 caua b 001 0 eng
020 _a1580087132 (alk. paper)
020 _a9781580087131
035 _a(BD-JhCC)1868
040 _aDLC
_cDLC
_dYDX
_dBAKER
_dPFO
_dNPL
_dDLC
041 _aeng
050 0 0 _aHF5381
_b.B63513 2006
082 0 0 _a650.14083/5
_222
_bBOL 2006
100 1 _aBolles, Richard Nelson.
245 1 0 _aWhat color is your parachute? for teens :
_bdiscovering yourself, defining your future /
_cRichard Nelson Bolles and Carol Christen, with Jean M. Blomquist.
260 _aBerkeley, Calif. :
_bTen Speed Press,
_cc2006.
300 _aviii, 167 p. :
_bill. ;
_c23 cm.
440 4 _aThe Parachute library
504 _aIncludes bibliographical references and index.
505 0 _aPart I. Discovering Your Dream Job. -- What You Love to Do: Your Favorite Interests and Best Skills -- Who You Love to Work With: Your Favorite Types of People -- Where You Love to Be: Your Ideal Work Environment -- Putting the Pieces Together: Identifying Your Potential Dream Jobs -- Part II. On the Way to Your Future. -- What Do I Do Now?: Making the Most Out of High School -- What Do I Do Next?: Making the Most Out of College -- A Tool to Shape Your Future: Setting Goals --Part III. Landing Your Dream Job . . . And More. -- How to Search for and Find Your Dream Job -- The Top 10 Mistakes Job Hunters Make and How You Can Avoid Them -- Beyond Your Dream Job: Creating the Life You Want -- Appendix: More Information Interviews -- Index.
650 0 _aTeenagers
_xVocational guidance.
650 0 _aJob hunting.
700 1 _aChristen, Carol.
700 1 _aBlomquist, Jean M.
856 4 1 _3Table of contents only
_uhttp://www.loc.gov/catdir/toc/ecip068/2006005029.html
942 _2ddc
_cBK